00529nam a2200181 a 45000010010000000030011000100080041000210350026000620820014000881000019001022450030001212600046001516500013001979420012002109520090002229980020003129990015003320000-8839ELIB.Books110520 1981  a(ELIB.Books)0000-8985 a230 bStr aStrolz, Walter aThree Ways to the one God bNew York: Crossroad Publishing Co. c1981 aTheology 2ddccBK 00102ddc4070aKBTSbKBTSd2011-05-20l0p2143r2022-01-22 00:00:00w2022-01-22yBK cbate2011-05-20 c8839d8839